COMPETENCIAS PARA LA INVESTIGACION : (Registro nro. 58639)
[ vista simple ]
| 000 -LEADER | |
|---|---|
| fixed length control field | 01112nam a2200205 a 4500 |
| 001 - CONTROL NUMBER | |
| control field | 58639 |
| 005 - DATE AND TIME OF LATEST TRANSACTION | |
| control field | 20180714055321.0 |
| 008 - FIXED-LENGTH DATA ELEMENTS--GENERAL INFORMATION | |
| fixed length control field | 140415s2009 mx 000 0 spa d |
| 020 ## - INTERNATIONAL STANDARD BOOK NUMBER | |
| International Standard Book Number | 9786071702050 |
| 041 ## - LANGUAGE CODE | |
| Language code of text/sound track or separate title | spa |
| 082 ## - DEWEY DECIMAL CLASSIFICATION NUMBER | |
| Classification number | 001.42 |
| Item number | RIV |
| 100 1# - MAIN ENTRY--PERSONAL NAME | |
| Personal name | RIVERA HEREDIA, MARIA ELENA |
| 245 10 - TITLE STATEMENT | |
| Title | COMPETENCIAS PARA LA INVESTIGACION : |
| Remainder of title | DESARROLLO DE HABILIDADES Y CONCEPTOS |
| 250 ## - EDITION STATEMENT | |
| Edition statement | 1a ed. |
| 260 ## - PUBLICATION, DISTRIBUTION, ETC. | |
| Place of publication, distribution, etc. | MEXICO : |
| Name of publisher, distributor, etc. | TRILLAS, |
| Date of publication, distribution, etc. | 2009 |
| 300 ## - PHYSICAL DESCRIPTION | |
| Extent | 159 |
| Dimensions | 15.1 x 1 x 23 |
| 520 ## - SUMMARY, ETC. | |
| Summary, etc. | EL PROPOSITO DE ESTA OBRA ES APORTAR HERRAMIENTAS PRACTICAS Y UTILES QUE FACILITEN EL DESARROLLO DE HABILIDADES Y COMPETENCIAS PARA LA INVESTIGACION EN LOS ESTUDIANTES DE BACHILLERATO, LICENCIATURA Y POSGRADO, EN CUALQUIER CAMPO DE ESTUDIO. PARA LOGRARLO SE IDENTIFICAN EN PRIMER LUGAR LAS COMPETENCIAS BASICAS Y LAS ESPECIALIZADAS EN MATERIA DE INVESTIGACION, Y A PARTIR DE ELLO SE DESARROLLA UN INVENTARIO DE HABILIDADES Y COMPETENCIAS EN INVESTIGACION. |
| 650 14 - SUBJECT ADDED ENTRY--TOPICAL TERM | |
| Topical term or geographic name entry element | INVESTIGACION |
| General subdivision | METODOLOGIA |
| 700 1# - ADDED ENTRY--PERSONAL NAME | |
| Personal name | ARANGO PINTO, LUIS GABRIEL -TORRES VILLASEÑOR, CLAUDIA KARINA -SALGADO BRITO, ROSA |
| Relator term | coaut. |
| Withdrawn status | Lost status | Source of classification or shelving scheme | Damaged status | Not for loan | Collection code | Home library | Current library | Shelving location | Date acquired | Source of acquisition | Inventory number | Total Checkouts | Full call number | Barcode | Date last seen | Price effective from | Koha item type | Date last checked out |
|---|---|---|---|---|---|---|---|---|---|---|---|---|---|---|---|---|---|---|
| Dewey Decimal Classification | General | Biblioteca Karol Wojtyla | Biblioteca Karol Wojtyla | Sala general | 03/12/2013 | Compra | 151000000000000000065346 | '001.42 RIV | 88297 | 05/01/2026 | 03/12/2013 | Libro | ||||||
| Dewey Decimal Classification | General | Biblioteca Karol Wojtyla | Biblioteca Karol Wojtyla | Sala general | 03/12/2013 | Compra | 151000000000000000065345 | '001.42 RIV | 88296 | 05/01/2026 | 03/12/2013 | Libro | 30/08/2016 | |||||
| Dewey Decimal Classification | General | Biblioteca Karol Wojtyla | Biblioteca Karol Wojtyla | Sala general | 03/12/2013 | Compra | 151000000000000000065347 | 1 | '001.42 RIV | 88298 | 05/01/2026 | 03/12/2013 | Libro | 08/02/2022 |